[Event "Bergen Hordaland op"]
[Site "Bergen"]
[Date "2008.04.04"]
[Round "1"]
[White "Bomark, Nils Erik"]
[Black "Holmgren, Trond A"]
[Result "1-0"]
[WhiteElo "2062"]
[BlackElo "1301"]
[PlyCount "47"]
[EventDate "2008.04.04"]
[EventType "swiss"]
[EventRounds "5"]
[EventCountry "NOR"]
[SourceTitle "EXT 2010"]
[Source "ChessBase"]
[SourceDate "2010.11.25"]
[SourceVersion "1"]
[SourceVersionDate "2010.11.25"]
[SourceQuality "1"]

1. e4 c5 2. Nf3 d6 3. d4 cxd4 4. Nxd4 Nf6 5. Nc3 a6 6. Be2 e6 7. 0-0 Be7 8. Be3 b5 9. Bf3 e5 10. Nf5 0-0 11. Nd5 Nc6 12. Bb6 Qd7 13. Ndxe7+ Nxe7 14. Nxd6 Qc6 15. Ba5 Be6 16. Qd3 Qc5 17. b4 Qa7 18. a4 Nc6 19. axb5 Nxa5 20. Rxa5 Qc7 21. bxa6 Rfd8 22. Rd1 Qb6 23. c3 Rac8 24. Nxc8 1-0